<?xml version="1.0" encoding="UTF-8"?>
<collection xmlns="http://www.loc.gov/MARC21/slim">
<record>
  <controlfield tag="001">163239</controlfield>
  <controlfield tag="005">20251023111022.0</controlfield>
  <datafield tag="020" ind1=" " ind2=" ">
    <subfield code="a">978-84-10169-77-7</subfield>
  </datafield>
  <datafield tag="024" ind1="7" ind2=" ">
    <subfield code="2">doi</subfield>
    <subfield code="a">10.26754/uz.978-84-10169-77-7</subfield>
  </datafield>
  <datafield tag="037" ind1=" " ind2=" ">
    <subfield code="a">BOOK-2025-470</subfield>
  </datafield>
  <datafield tag="041" ind1=" " ind2=" ">
    <subfield code="a">spa</subfield>
  </datafield>
  <datafield tag="100" ind1=" " ind2=" ">
    <subfield code="a">Bachouri Muniesa, Hisham  (coord.)</subfield>
    <subfield code="b"></subfield>
  </datafield>
  <datafield tag="245" ind1=" " ind2=" ">
    <subfield code="a">Proyecto JACTIVA ¿Te sumas al movimiento?</subfield>
  </datafield>
  <datafield tag="260" ind1=" " ind2=" ">
    <subfield code="a">[Zaragoza]</subfield>
    <subfield code="b">Grupo de Investigación de referencia Educación Física y Promoción de la Actividad Física : Ayuntamiento de Jaca : Servicio de Publicaciones, Universidad de Zaragoza</subfield>
    <subfield code="c">2025</subfield>
  </datafield>
  <datafield tag="300" ind1=" " ind2=" ">
    <subfield code="a">115</subfield>
  </datafield>
  <datafield tag="520" ind1=" " ind2=" ">
    <subfield code="a">El presente documento es fruto del “CONVENIO DE COLABORACIÓN ENTRE LA UNIVERSIDAD DE ZARAGOZA Y EL AYUNTAMIENTO DE JACA” firmado el 28 de Noviembre de 2024. JACTIVA es mucho más que una serie de actividades o sesiones puntuales. Se trata de un proyecto de intervención educativa que nace directamente de las inquietudes y necesidades del propio alumnado, sus familias y el personal del centro. Con el respaldo de las autoridades políticas locales, su objetivo es claro: construir entornos educativos más saludables.  Este programa busca integrar la promoción de estilos de vida saludables en el día a día del centro, no como un añadido, sino como parte de su cultura educativa. Para ello, se promueve la participación activa del alumnado en la toma de decisiones relacionadas con hábitos de vida saludables, fomentando una implicación real y significativa. En definitiva,JACTIVA ayuda a alinear esfuerzos, conectar iniciativas y fortalecer la estructura de promoción de la salud en la comunidad educativa.</subfield>
  </datafield>
  <datafield tag="700" ind1=" " ind2=" ">
    <subfield code="a">Asún Dieste, Sonia  (coord.)</subfield>
    <subfield code="b"></subfield>
  </datafield>
  <datafield tag="700" ind1=" " ind2=" ">
    <subfield code="a">Julián Clemente, José Antonio (coord.)</subfield>
    <subfield code="b"></subfield>
  </datafield>
  <datafield tag="700" ind1=" " ind2=" ">
    <subfield code="a">Ibor Bernalte, Eduardo</subfield>
    <subfield code="b"></subfield>
  </datafield>
  <datafield tag="700" ind1=" " ind2=" ">
    <subfield code="a">Zaragoza Casterad, Javier</subfield>
    <subfield code="b"></subfield>
  </datafield>
  <datafield tag="700" ind1=" " ind2=" ">
    <subfield code="a">Aibar Solana, Alberto</subfield>
    <subfield code="b"></subfield>
  </datafield>
  <datafield tag="700" ind1=" " ind2=" ">
    <subfield code="a">Bermejo Martínez, Gemma</subfield>
    <subfield code="b"></subfield>
  </datafield>
  <datafield tag="856" ind1="0" ind2=" ">
    <subfield code="f">lplumed@unizar.es</subfield>
  </datafield>
  <datafield tag="856" ind1="4" ind2=" ">
    <subfield code="u">http://zaguan.unizar.es/record/163239/files/BOOK-2025-470.pdf</subfield>
    <subfield code="z">Texto completo</subfield>
    <subfield code="s">6290248</subfield>
  </datafield>
  <datafield tag="909" ind1="C" ind2="O">
    <subfield code="o">oai:zaguan.unizar.es:163239</subfield>
    <subfield code="p">books</subfield>
  </datafield>
  <datafield tag="773" ind1=" " ind2=" ">
    <subfield code="t"></subfield>
  </datafield>
  <datafield tag="540" ind1=" " ind2=" ">
    <subfield code="9">info:eu-repo/semantics/openAccess</subfield>
  </datafield>
  <datafield tag="506" ind1=" " ind2=" ">
    <subfield code="a">by-nc-nd</subfield>
  </datafield>
  <datafield tag="980" ind1=" " ind2=" ">
    <subfield code="a">BOOK</subfield>
    <subfield code="b">PRENSASUZ</subfield>
    <subfield code="b"></subfield>
  </datafield>
</record>
</collection>